| 000 | 01019nam a22003137a 4500 | ||
|---|---|---|---|
| 003 | CHAP | ||
| 005 | 20220329141043.0 | ||
| 008 | 971013s1997 mx r 00010 spa d | ||
| 010 | _a61957 | ||
| 011 | _a62929 | ||
| 035 | _a67105 | ||
| 040 | _cCHAP | ||
| 090 | _aTesis | ||
| 100 | 0 | 0 |
_aCampos Angeles, Daniel Alejandro. _918074 |
| 245 | 1 | _aAcondicionamiento osmótico de semilla botánica de papa con soluciones salinas | |
| 260 |
_aChapingo, Méx. : _bEl autor, _c1997 |
||
| 300 | _a82 h. | ||
| 502 | _aTesis (Ing. Agr. esp. en Fitotecnia) -- UACH. Departamento de Fitotecnia | ||
| 590 |
_aALEPH _b10 _c20130110 _lUCH01 _h1344 |
||
| 590 |
_aBATCH-UPD _b10 _c20130110 _lUCH01 _h0510 |
||
| 590 |
_aCONVERSION _b10 _c20130109 _lUCH01 _h1333 |
||
| 650 | 1 | 4 |
_aOsmosis. _984198 |
| 650 | 1 | 4 |
_aPapa _xSemilla. _985288 |
| 650 | 1 | 4 |
_aSemillas _xAcondicionamiento. _9103874 |
| 901 | _aBK | ||
| 942 | _cFOLL | ||
| 949 |
_bBC _cTES _d-152327 _eTS1 _h30934 _i67105 _si |
||
| 949 |
_bBC _cTES _d33724000641254 _eTS2 _fc.2 _h30935 _i67105 _si |
||
| 999 |
_c61957 _d61957 |
||